| 000 | 00399nam a2200133Ia 4500 | ||
|---|---|---|---|
| 008 | 231129s2007||||xx |||||||||||||| ||spa|| | ||
| 020 | _a978-958-695-278-1 | ||
| 082 | _a658.4012 S194f | ||
| 100 | _aSanabria Tirado Raúl. | ||
| 245 | 0 | _aFormulación y pensamiento estratégico | |
| 260 | _c2007 | ||
| 264 | _aBogotá : Universidad de los Andes | ||
| 942 |
_2ddc _cBKS |
||
| 999 |
_c14116 _d14116 |
||